[Event "Napoli Moscarella Memorial"]
[Site "Napoli"]
[Date "2016.02.04"]
[Round "5"]
[White "Di Gennaro, Antonio"]
[Black "Calvanese, Giuseppe"]
[Result "1-0"]
[WhiteElo "1653"]
[BlackElo "1684"]
[PlyCount "65"]
[EventDate "2016.01.07"]
[EventType "swiss"]
[EventRounds "6"]
[EventCountry "ITA"]
[SourceTitle "EXT 2018"]
[Source "ChessBase"]
[SourceDate "2017.10.13"]
[SourceVersion "1"]
[SourceVersionDate "2017.10.13"]
[SourceQuality "1"]

1. e4 e5 2. Nf3 d6 3. d4 exd4 4. Nxd4 g6 5. Nc3 Bg7 6. Be3 Nc6 7. Be2 Nge7 8. f4 f5 9. Nxc6 Nxc6 10. Qd2 Be6 11. exf5 Bxf5 12. 0-0 Qd7 13. Bb5 a6 14. Ba4 0-0 15. Rae1 b5 16. Bb3+ Be6 17. Bxe6+ Qxe6 18. Bf2 Qf7 19. g3 b4 20. Nd5 Bxb2 21. Nxb4 Nxb4 22. Qxb4 Qxa2 23. Re7 c5 24. Qd2 Rad8 25. Rfe1 a5 26. Rb7 Rf7 27. Ree7 Rxe7 28. Rxe7 Qa3 29. Qd5+ Kh8 30. Qf7 Qa1+ 31. Kg2 Bg7 32. Re8+ Rxe8 33. Qxe8+ 1-0